[Event "Open A"]
[Site "Frosinone ITA"]
[Date "1997.03.??"]
[Round "8"]
[White "Gatta, Flavio"]
[Black "Corinthios, Raimondo"]
[Result "0-1"]
[WhiteElo "1528"]
[BlackElo "1510"]
[PlyCount "72"]
[EventDate "1997.03.08"]

1. e4 e5 2. Nf3 Nc6 3. Bb5 a6 4. Bxc6 dxc6 5. O-O Bg4 6. d3 Qd6 7. Nbd2 O-O-O
8. h3 Bxf3 9. Nxf3 f6 10. Qe2 h5 11. Be3 g5 12. Rad1 g4 13. hxg4 hxg4 14. Nh2
f5 15. exf5 Qf6 16. Qxg4 Be7 17. Bg5 Qxg5 18. Qxg5 Bxg5 19. Ng4 Nf6 20. Nxe5
Rh7 21. Ng6 Nd5 22. a3 Ne7 23. f4 Bf6 24. Nxe7+ Rxe7 25. Rfe1 Rde8 26. Kf1
Rxe1+ 27. Rxe1 Rxe1+ 28. Kxe1 Bxb2 29. a4 Kd7 30. Ke2 b5 31. axb5 cxb5 32. Kd2
a5 33. c3 a4 34. Kc2 a3 35. Kb3 c5 36. g4 Bc1 0-1

[Event "Open A"]
[Site "Frosinone ITA"]
[Date "1997.03.??"]
[Round "8"]
[White "Marinelli, Franco"]
[Black "Ciarlo, Michele"]
[Result "1/2-1/2"]
[WhiteElo "1522"]
[BlackElo "1600"]
[PlyCount "54"]
[EventDate "1997.03.08"]

1. d4 Nf6 2. g3 e6 3. Bg5 Be7 4. Bg2 h6 5. Bxf6 Bxf6 6. c3 d5 7. Nf3 Nd7 8. O-O
c5 9. Nbd2 O-O 10. e4 dxe4 11. Nxe4 Be7 12. dxc5 Nxc5 13. Nxc5 Bxc5 14. Qxd8
Rxd8 15. Rad1 Bd7 16. Rd2 Be7 17. Rfd1 Bb5 18. b3 Rxd2 19. Rxd2 Rd8 20. Rxd8+
Bxd8 21. Ne1 b6 22. c4 Bd7 23. Nd3 Bc7 24. Ne5 Be8 25. Bc6 Kf8 26. Bxe8 Kxe8
27. Nc6 a6 1/2-1/2

[Event "Open A"]
[Site "Frosinone ITA"]
[Date "1997.03.??"]
[Round "8"]
[White "Rosato, Luciano"]
[Black "Scagliarini, Bruno"]
[Result "1-0"]
[WhiteElo "1931"]
[BlackElo "1728"]
[PlyCount "81"]
[EventDate "1997.03.08"]

1. d4 e6 2. c4 Nf6 3. Nf3 c5 4. d5 b5 5. Bg5 Bb7 6. e4 h6 7. Bxf6 gxf6 8. cxb5
Bg7 9. Nc3 O-O 10. Bc4 Qe7 11. O-O d6 12. Qb3 Re8 13. a4 a5 14. Rfe1 Nd7 15.
Qc2 Kh8 16. Re3 Rg8 17. Rae1 Nf8 18. Nd2 Ng6 19. Nf1 h5 20. Qd1 Bh6 21. Qxh5
Kg7 22. Rg3 e5 23. Ne3 Bxe3 24. Rexe3 Rh8 25. Qd1 Rh4 26. Be2 Rah8 27. Bg4 Kf8
28. Bf5 Nf4 29. h3 Qe8 30. Qf3 Bc8 31. Bxc8 Qxc8 32. Ne2 Ke7 33. Rc3 f5 34.
Nxf4 Rxf4 35. Qe3 fxe4 36. b3 Qf5 37. Rg7 Qh5 38. Qg3 Qd1+ 39. Kh2 Qxd5 40.
Qg5+ Kf8 41. Qd8+ 1-0

[Event "Open A"]
[Site "Frosinone ITA"]
[Date "1997.03.??"]
[Round "8"]
[White "Scagliarini, Valentina"]
[Black "Gonzini, Gianmaria"]
[Result "1/2-1/2"]
[WhiteElo "1771"]
[BlackElo "1600"]
[PlyCount "32"]
[EventDate "1997.03.08"]

1. e4 c5 2. Nf3 d6 3. d4 cxd4 4. Nxd4 Nf6 5. Nc3 Nc6 6. f3 Bd7 7. Bg5 Qb6 8.
Nde2 Rc8 9. Qd2 Ne5 10. Be3 Qc7 11. Nd4 a6 12. g4 h6 13. h4 Nc4 14. Bxc4 Qxc4
15. O-O-O b5 16. Kb1 b4 1/2-1/2

[Event "Open A"]
[Site "Frosinone ITA"]
[Date "1997.03.??"]
[Round "8"]
[White "Simeoni, Matteo"]
[Black "Chiacchiararelli, Bruno"]
[Result "1-0"]
[WhiteElo "1797"]
[BlackElo "1771"]
[PlyCount "33"]
[EventDate "1997.03.08"]

1. e4 e6 2. d4 d5 3. Nc3 Be7 4. Nf3 Nf6 5. Bd3 b6 6. O-O dxe4 7. Nxe4 Bb7 8.
Re1 O-O 9. Ne5 Bxe4 10. Bxe4 Nxe4 11. Rxe4 Qd5 12. Rg4 Rd8 13. Rxg7+ Kxg7 14.
Qg4+ Bg5 15. Bxg5 f5 16. Bh6+ Kf6 17. Qg7# 1-0

[Event "V Memorial Alfeo Gigli Magistrale"]
[Site "Bologna ITA"]
[Date "1997.03.??"]
[Round "?"]
[White "Mola, Pietro"]
[Black "Samaritani, Fabio"]
[Result "1-0"]
[WhiteElo "2180"]
[BlackElo "2220"]
[PlyCount "67"]
[EventDate "1997.03.01"]

1. e4 c5 2. Nf3 e6 3. c3 d5 4. exd5 Qxd5 5. d4 Nf6 6. Be2 Nc6 7. O-O Be7 8.
c4 Qd8 9. dxc5 Qxd1 10. Rxd1 Bxc5 11. Nc3 h6 12. Bf4 g5 13. Bg3 a6 14. a3
Nh5 15. Bd6 Bxd6 16. Rxd6 Nf4 17. Bf1 Ke7 18. Rad1 g4 19. Ne1 Ne5 20. R6d4
Nfg6 21. Be2 Rg8 22. Bxg4 Bd7 23. Be2 Bc6 24. f4 Nd7 25. Bf3 e5 26. fxe5
Ndxe5 27. Bd5 Rg7 28. Nc2 Rag8 29. Ne3 Bd7 30. b4 b6 31. Rf1 Nh8 32. Be4
Ng4 33. Ncd5+ Kf8 34. Nxg4
1-0

[Event "III Weekend A"]
[Site "Ivrea ITA"]
[Date "1997.03.??"]
[Round "1"]
[White "Aglietti, Graziano"]
[Black "Geuna, Giuseppe"]
[Result "1-0"]
[WhiteElo "1713"]
[BlackElo "1766"]
[PlyCount "45"]
[EventDate "1997.03.01"]

1. e4 e6 2. d4 d5 3. e5 c5 4. c3 Nc6 5. Nf3 Qb6 6. Bd3 Bd7 7. O-O cxd4 8. cxd4
Nxd4 9. Nxd4 Qxd4 10. Nc3 Qxe5 11. Re1 Qb8 12. Nxd5 Ne7 13. Bf4 Qc8 14. Nc7+
Kd8 15. Rc1 Nc6 16. Nxa8 Qxa8 17. Bb5 Bb4 18. Re4 Ba5 19. Qd3 Bb6 20. Rd1 Qc8
21. Rc4 h6 22. Rxc6 bxc6 23. Ba6 1-0

[Event "III Weekend A"]
[Site "Ivrea ITA"]
[Date "1997.03.??"]
[Round "1"]
[White "Castaldo, Folco"]
[Black "Dorighet, Claudio"]
[Result "1/2-1/2"]
[WhiteElo "1987"]
[BlackElo "2090"]
[PlyCount "104"]
[EventDate "1997.03.01"]

1. e4 c5 2. c3 b6 3. d4 Bb7 4. Bd3 Nf6 5. f3 g6 6. Be3 d6 7. Ne2 Bg7 8. O-O O-O
9. Nd2 Nbd7 10. Kh1 e5 11. d5 Qe7 12. a4 Rfd8 13. a5 Ne8 14. Qb3 Nc7 15. axb6
axb6 16. c4 Bf6 17. Bg1 Bg5 18. Rxa8 Rxa8 19. Nb1 Qd8 20. Na3 Ba6 21. Nc3 Bd2
22. Ncb1 Ba5 23. Be3 Qe7 24. Nc3 Bb4 25. Ra1 Qd8 26. Nc2 Bxc3 27. bxc3 Bb7 28.
Ra4 Ra6 29. Rxa6 Bxa6 30. Qa4 Nb8 31. Na3 Qd7 32. Nb5 Kg7 33. Qb3 Nxb5 34. cxb5
Bc8 35. Qa3 Qb7 36. Qc1 f6 37. Bh6+ Kf7 38. f4 exf4 39. Bxf4 Qe7 40. Qa1 Qc7
41. c4 Nd7 42. Qa8 Ne5 43. Bf1 Qb7 44. Qa2 Qe7 45. h3 Kg7 46. Qa8 Qb7 47. Qa3
Qe7 48. Bd2 Nf7 49. Qe3 Qe5 50. Bc3 Qe7 51. Qf4 Ne5 52. g4 h6 1/2-1/2

[Event "III Weekend A"]
[Site "Ivrea ITA"]
[Date "1997.03.??"]
[Round "1"]
[White "Guglielmi, Nicolo'"]
[Black "Ranieri, Fabrizio"]
[Result "0-1"]
[WhiteElo "1770"]
[BlackElo "2125"]
[PlyCount "70"]
[EventDate "1997.03.01"]

1. c4 e6 2. Nc3 d5 3. d4 c6 4. e3 Nf6 5. Nf3 Bd6 6. Qc2 O-O 7. b3 Nbd7 8. Be2
Re8 9. O-O Qc7 10. cxd5 exd5 11. Bb2 Nf8 12. Rac1 Qe7 13. Na4 Ng6 14. Bd3 Ne4
15. Nc5 b6 16. Na4 Bd7 17. Nc3 Rac8 18. h3 Nh4 19. Bxe4 dxe4 20. Nxh4 Qxh4 21.
Ne2 Re6 22. d5 Rg6 23. Nf4 Bxf4 24. exf4 Bxh3 25. Qxe4 Rxg2+ 26. Qxg2 Bxg2 27.
Kxg2 Qg4+ 28. Kh1 Qf3+ 29. Kg1 Qxd5 30. Rfd1 Qf3 31. Rd4 Re8 32. Ra4 a5 33. Bd4
Qg4+ 34. Kh1 Re6 35. Bxg7 Qxg7 0-1

[Event "III Weekend A"]
[Site "Ivrea ITA"]
[Date "1997.03.??"]
[Round "1"]
[White "Mariano, Elia"]
[Black "Martin, Tiziano"]
[Result "1-0"]
[WhiteElo "1938"]
[BlackElo "1786"]
[PlyCount "55"]
[EventDate "1997.03.01"]

1. d4 d5 2. c4 e6 3. Nc3 Be7 4. Nf3 Nf6 5. Bg5 O-O 6. Qc2 Nbd7 7. e3 a6 8. cxd5
exd5 9. Bd3 c5 10. dxc5 Nxc5 11. O-O Nxd3 12. Qxd3 Be6 13. Rfd1 h6 14. Bxf6
Bxf6 15. Nxd5 Bxd5 16. Qxd5 Qb6 17. Ne5 Qxb2 18. Nd7 Rad8 19. Rab1 Qe2 20. Rd2
Qg4 21. h3 Qa4 22. Rxb7 Bg5 23. Rd4 Qc2 24. Qa5 Qc1+ 25. Kh2 Qf1 26. Qf5 Bxe3
27. Nxf8 Rxf8 28. Rd8 1-0

[Event "III Weekend A"]
[Site "Ivrea ITA"]
[Date "1997.03.??"]
[Round "2"]
[White "Caresana, Alessandro"]
[Black "Alexiadis, Alessio"]
[Result "1-0"]
[WhiteElo "1746"]
[BlackElo "1723"]
[PlyCount "81"]
[EventDate "1997.03.01"]

1. e4 e5 2. Bc4 f5 3. Bxg8 Rxg8 4. Qh5+ g6 5. Qxh7 Rg7 6. Qh6 Rg8 7. Qe3 d6 8.
Nc3 Nc6 9. d3 Nd4 10. Qd2 Be6 11. Nge2 Qd7 12. Nxd4 exd4 13. Nd5 Bg7 14. Qg5
Qf7 15. O-O Rh8 16. Nf4 Be5 17. h3 Bxf4 18. Bxf4 Rh5 19. Qg3 O-O-O 20. Bg5 Rf8
21. f4 fxe4 22. dxe4 Rfh8 23. h4 Re8 24. Qd3 c5 25. b3 Rhh8 26. c3 d5 27. cxd4
dxe4 28. Qc3 c4 29. Rfe1 Bd5 30. bxc4 Bxc4 31. Rac1 b5 32. a4 a6 33. axb5 axb5
34. Ra1 Kb7 35. Ra5 Qf5 36. Rea1 Ra8 37. Qa3 Rxa5 38. Qe7+ Kc6 39. Rxa5 Rb8 40.
Ra6+ Rb6 41. Qe8+ 1-0

[Event "III Weekend A"]
[Site "Ivrea ITA"]
[Date "1997.03.??"]
[Round "2"]
[White "Castaldo, Folco"]
[Black "Ricca, Roberto"]
[Result "1-0"]
[WhiteElo "1987"]
[BlackElo "2051"]
[PlyCount "59"]
[EventDate "1997.03.01"]

1. e4 e5 2. Nf3 f5 3. Nxe5 Nc6 4. Nxc6 dxc6 5. d4 fxe4 6. Qh5+ Ke7 7. Qe5+ Be6
8. Bc4 Qd6 9. Qxe6+ Qxe6 10. Bxe6 Kxe6 11. Nc3 Rd8 12. Be3 Bb4 13. O-O Nf6 14.
Ne2 Rhe8 15. c3 Bd6 16. Ng3 Ng4 17. Bg5 Bxg3 18. hxg3 Rd5 19. Bf4 g5 20. Be3 c5
21. c4 Rf5 22. d5+ Kd6 23. Rad1 Ref8 24. b3 a6 25. Rde1 b6 26. Re2 Ke5 27. Bc1
Kd4 28. Rd1+ Kc3 29. Bb2+ Kb4 30. Bc1 1-0

[Event "III Weekend A"]
[Site "Ivrea ITA"]
[Date "1997.03.??"]
[Round "2"]
[White "Dorighet, Claudio"]
[Black "Vozza, Nicola"]
[Result "1-0"]
[WhiteElo "2090"]
[BlackElo "1732"]
[PlyCount "107"]
[EventDate "1997.03.01"]

1. c4 f5 2. Nc3 Nf6 3. g3 e5 4. Bg2 Be7 5. d4 exd4 6. Qxd4 Nc6 7. Qd2 O-O 8.
Nh3 Kh8 9. O-O Ne5 10. b3 c6 11. Bb2 Neg4 12. Rad1 b6 13. e4 fxe4 14. Nxe4 Nxe4
15. Bxe4 d5 16. cxd5 Nf6 17. Bg2 Nxd5 18. Bxd5 Bxh3 19. Bxc6 Qxd2 20. Rxd2 Rac8
21. Bg2 Bf5 22. Rc1 Bf6 23. Rxc8 Rxc8 24. Bxf6 Rc1+ 25. Bf1 gxf6 26. Kg2 Kg7
27. Ba6 Ra1 28. Kf3 Rh1 29. h4 h5 30. Kf4 Bh3 31. f3 Ra1 32. a4 Rb1 33. Bc4 Re1
34. Rd8 Re7 35. Rg8+ Kh7 36. Ra8 Bg2 37. Bd5 Rd7 38. Be4+ Kg7 39. Rb8 Bf1 40.
Rb7 Rxb7 41. Bxb7 Bd3 42. Be4 Ba6 43. g4 Bc8 44. Bd5 hxg4 45. fxg4 Bd7 46. g5
fxg5+ 47. hxg5 a5 48. Bc4 Kg6 49. Ke5 Kxg5 50. Kd6 Be8 51. Kc7 Kf6 52. Kxb6 Ke5
53. Kxa5 Kd4 54. Kb6 1-0

[Event "III Weekend A"]
[Site "Ivrea ITA"]
[Date "1997.03.??"]
[Round "2"]
[White "Geuna, Giuseppe"]
[Black "Pepino, Enrico"]
[Result "0-1"]
[WhiteElo "1766"]
[BlackElo "1705"]
[PlyCount "82"]
[EventDate "1997.03.01"]

1. e4 c5 2. Nf3 d6 3. d4 cxd4 4. Nxd4 Nf6 5. Nc3 g6 6. Be3 Bg7 7. f3 O-O 8. Qd2
Nc6 9. Bc4 Bd7 10. O-O-O Rc8 11. Bb3 Ne5 12. h4 Nc4 13. Bxc4 Rxc4 14. Nde2 Re8
15. g4 Qa5 16. h5 b5 17. hxg6 fxg6 18. Kb1 b4 19. Nd5 Nxd5 20. Qxd5+ Qxd5 21.
Rxd5 Rec8 22. Rd2 a5 23. Nf4 Bc6 24. Rdh2 Bb7 25. Ne6 Be5 26. Bf4 Bxf4 27. Nxf4
Rf8 28. Ne6 Rxf3 29. Rxh7 Rf1+ 30. Rxf1 Kxh7 31. b3 Rc3 32. Rf7+ Kh6 33. Rxe7
Bxe4 34. g5+ Kh5 35. Nf4+ Kxg5 36. Rxe4 Kf5 37. Rd4 Ke5 38. Kc1 Kxd4 39. Ne2+
Ke3 40. Nxc3 bxc3 41. a3 g5 0-1

[Event "III Weekend A"]
[Site "Ivrea ITA"]
[Date "1997.03.??"]
[Round "2"]
[White "Martin, Tiziano"]
[Black "Guglielmi, Nicolo'"]
[Result "1-0"]
[WhiteElo "1786"]
[BlackElo "1770"]
[PlyCount "91"]
[EventDate "1997.03.01"]

1. e4 c5 2. Nc3 e6 3. g3 Nc6 4. Bg2 Nf6 5. Nge2 Be7 6. O-O O-O 7. f4 d5 8. e5
Ng4 9. h3 Nh6 10. d3 Nf5 11. Kh2 a6 12. Ng1 b5 13. Nf3 Bb7 14. a3 Rc8 15. Ne2
Qc7 16. g4 Nh6 17. Ng3 Kh8 18. Re1 Ng8 19. f5 Rce8 20. Bf4 Qb6 21. Qd2 Bc8 22.
Bg5 Qc7 23. Bf4 Qd8 24. Re2 f6 25. Rae1 fxe5 26. Nxe5 Nxe5 27. Bxe5 exf5 28.
Nh5 Nf6 29. Nxg7 Kxg7 30. g5 Bd6 31. gxf6+ Qxf6 32. Qg5+ Kh8 33. Qxf6+ Rxf6 34.
Bxd6 Rxe2 35. Rxe2 Rxd6 36. Re8+ Kg7 37. Rxc8 c4 38. Rc5 Kf6 39. Rxd5 Re6 40.
dxc4 bxc4 41. Rc5 Rb6 42. Rc6+ Rxc6 43. Bxc6 Ke5 44. Kg3 Kd4 45. Kf4 c3 46. b3
1-0

[Event "III Weekend A"]
[Site "Ivrea ITA"]
[Date "1997.03.??"]
[Round "2"]
[White "Pulito, Alberto"]
[Black "Aglietti, Graziano"]
[Result "1/2-1/2"]
[WhiteElo "1651"]
[BlackElo "1713"]
[PlyCount "68"]
[EventDate "1997.03.01"]

1. e4 c5 2. c3 g6 3. d4 cxd4 4. cxd4 Bg7 5. Nc3 d6 6. h3 Nf6 7. Nf3 O-O 8. Be2
a6 9. O-O b5 10. a3 Bb7 11. Bd3 Nbd7 12. Bf4 Rc8 13. Re1 Nb6 14. Qe2 Nc4 15.
Rac1 Qb6 16. a4 Nh5 17. Bh2 Bh6 18. Ra1 Nf4 19. Bxf4 Bxf4 20. axb5 axb5 21.
Reb1 Na5 22. Bxb5 Nb3 23. Ra4 e5 24. dxe5 dxe5 25. Rd1 Rfd8 26. Rb4 Nd4 27.
Nxd4 exd4 28. Na4 Qd6 29. Rb3 Qe6 30. Rb4 Qe5 31. Bd3 Qe7 32. Rb3 Bc6 33. Nb6
Rb8 34. Qc2 Qc7 1/2-1/2

[Event "III Weekend A"]
[Site "Ivrea ITA"]
[Date "1997.03.??"]
[Round "2"]
[White "Ranieri, Fabrizio"]
[Black "Mariano, Elia"]
[Result "1/2-1/2"]
[WhiteElo "2125"]
[BlackElo "1938"]
[PlyCount "45"]
[EventDate "1997.03.01"]

1. e4 d5 2. exd5 Qxd5 3. Nc3 Qa5 4. Nf3 Nf6 5. Be2 c6 6. O-O Bg4 7. d4 e6 8. h3
Bh5 9. a3 Bd6 10. Be3 O-O 11. Nd2 Bxe2 12. Qxe2 Qf5 13. Nc4 Bc7 14. b4 Nd5 15.
Nxd5 cxd5 16. Nd2 Nc6 17. Rac1 e5 18. b5 exd4 19. bxc6 dxe3 20. cxb7 Rae8 21.
fxe3 Qd7 22. c4 Qd6 23. Nf3 1/2-1/2

[Event "III Weekend A"]
[Site "Ivrea ITA"]
[Date "1997.03.??"]
[Round "3"]
[White "Alexiadis, Alessio"]
[Black "Ricca, Roberto"]
[Result "1-0"]
[WhiteElo "1723"]
[BlackElo "2051"]
[PlyCount "89"]
[EventDate "1997.03.01"]

1. d4 d5 2. e3 e5 3. dxe5 f6 4. c4 Bb4+ 5. Bd2 Nc6 6. Bxb4 Nxb4 7. Nc3 dxc4 8.
Qxd8+ Kxd8 9. O-O-O+ Ke7 10. exf6+ Nxf6 11. Bxc4 Be6 12. Bxe6 Kxe6 13. a3 Nbd5
14. Nxd5 Nxd5 15. Nf3 Rad8 16. Rd2 Rd6 17. Rhd1 h6 18. Nd4+ Kf6 19. Nb5 Rc6+
20. Kb1 Ne7 21. Rd7 a6 22. Nxc7 Nf5 23. Nd5+ Ke6 24. Nf4+ Kf6 25. Rxb7 Rhc8 26.
Rb6 Rxb6 27. Nd5+ Ke5 28. Nxb6 Rc6 29. Na4 Nh4 30. g3 Nf3 31. h4 Nh2 32. Nc3
Ng4 33. f4+ Ke6 34. e4 Ne3 35. Rd3 Nc4 36. Ne2 Rb6 37. Nd4+ Ke7 38. b4 Nxa3+
39. Rxa3 Rxb4+ 40. Nb3 Rxe4 41. Nc5 Re1+ 42. Kc2 Rg1 43. Ne4 Ke6 44. Ra5 g6 45.
Kd2 1-0

[Event "III Weekend A"]
[Site "Ivrea ITA"]
[Date "1997.03.??"]
[Round "3"]
[White "Dorighet, Claudio"]
[Black "Ranieri, Fabrizio"]
[Result "1/2-1/2"]
[WhiteElo "2090"]
[BlackElo "2125"]
[PlyCount "91"]
[EventDate "1997.03.01"]

1. c4 e6 2. Nc3 d5 3. d4 c6 4. e3 Nf6 5. Nf3 Bd6 6. Bd3 O-O 7. O-O Nbd7 8. e4
dxc4 9. Bxc4 e5 10. Re1 exd4 11. Nxd4 Ne5 12. Qe2 Nfg4 13. h3 Bc5 14. hxg4 Qxd4
15. Be3 Qxc4 16. Qxc4 Nxc4 17. Bxc5 Re8 18. b3 Ne5 19. Rad1 Bxg4 20. Rd6 a6 21.
Kf1 Rad8 22. f3 Rxd6 23. Bxd6 Bc8 24. Rd1 f6 25. Na4 Rd8 26. Ke2 Nf7 27. Bb4
Rxd1 28. Kxd1 Ne5 29. Ke2 Kf7 30. Bc5 h5 31. Nb2 Be6 32. Nd3 Nd7 33. Bf2 Nf8
34. Nc5 Bc8 35. Nd3 g5 36. Nb2 Be6 37. Nd3 Ng6 38. Be3 Bc8 39. Bf2 f5 40. Be3
f4 41. Bd4 Ke6 42. Kf2 Kf7 43. g3 fxg3+ 44. Kxg3 h4+ 45. Kf2 Nf8 46. f4 1/2-1/2

[Event "III Weekend A"]
[Site "Ivrea ITA"]
[Date "1997.03.??"]
[Round "3"]
[White "Guglielmi, Nicolo'"]
[Black "Geuna, Giuseppe"]
[Result "0-1"]
[WhiteElo "1770"]
[BlackElo "1766"]
[PlyCount "84"]
[EventDate "1997.03.01"]

1. c4 f5 2. Nc3 Nf6 3. g3 e5 4. Bg2 d6 5. Nh3 Be7 6. O-O O-O 7. d4 Nfd7 8. Nd5
Nc6 9. Nxe7+ Qxe7 10. e3 Nf6 11. b3 e4 12. Bd2 a5 13. a3 d5 14. Nf4 dxc4 15.
bxc4 b6 16. Qb3 Kh8 17. Rfc1 Ba6 18. c5 b5 19. Bf1 a4 20. Qa2 Rfe8 21. Rab1 Na7
22. d5 Rad8 23. Bb4 Qf7 24. Rd1 g6 25. Ba5 Rc8 26. Bb6 g5 27. Ne6 Nxd5 28. Qb2+
Kg8 29. Nxg5 Qe7 30. h4 Rf8 31. Rd2 Rce8 32. Rbd1 h6 33. Nh3 Nc8 34. Qd4 Qf7
35. Ba5 Nce7 36. Nf4 Nxf4 37. exf4 Nd5 38. Bc3 Qg6 39. Kh2 Kf7 40. Bh3 e3 41.
Re2 exf2 42. Bg2 Qxg3+ 0-1

[Event "III Weekend A"]
[Site "Ivrea ITA"]
[Date "1997.03.??"]
[Round "3"]
[White "Pepino, Enrico"]
[Black "Aglietti, Graziano"]
[Result "1/2-1/2"]
[WhiteElo "1705"]
[BlackElo "1713"]
[PlyCount "109"]
[EventDate "1997.03.01"]

1. e4 c5 2. Nf3 g6 3. d4 cxd4 4. Nxd4 Bg7 5. Be3 Nc6 6. Nc3 d6 7. Qd2 Nf6 8. f3
Bd7 9. Bc4 Rc8 10. Bb3 Na5 11. O-O-O Nxb3+ 12. Nxb3 Be6 13. e5 Nd7 14. exd6 O-O
15. Rhe1 Ne5 16. Bg5 Bxb3 17. axb3 Qa5 18. Kb1 exd6 19. Ne4 Qc7 20. Nxd6 Rb8
21. Bf4 f6 22. Qd5+ Kh8 23. Nc4 Rbc8 24. Qd6 Qc5 25. Qxc5 Rxc5 26. Nxe5 fxe5
27. Bg5 Rfc8 28. Rd2 Kg8 29. Red1 R5c7 30. Bd8 Rc6 31. Ba5 b6 32. Bc3 a6 33.
Rd7 R8c7 34. f4 Rxd7 35. Rxd7 Re6 36. fxe5 Bxe5 37. Bxe5 Rxe5 38. Rd2 Kf7 39.
c4 Ke7 40. Kc2 h5 41. Kd3 Rg5 42. b4 h4 43. b3 h3 44. gxh3 Rf5 45. Re2+ Kd7 46.
Kd4 Rf3 47. Re3 Rf2 48. Rg3 Rxh2 49. Rxg6 Rxh3 50. Rxb6 Rxb3 51. Kc5 Ra3 52.
Rb7+ Ke6 53. Kb6 Ra4 54. Ka7 a5 55. c5 1/2-1/2

[Event "III Weekend A"]
[Site "Ivrea ITA"]
[Date "1997.03.??"]
[Round "3"]
[White "Pulito, Alberto"]
[Black "Caresana, Alessandro"]
[Result "1/2-1/2"]
[WhiteElo "1651"]
[BlackElo "1746"]
[PlyCount "22"]
[EventDate "1997.03.01"]

1. e4 g6 2. d4 Bg7 3. Nc3 c6 4. h3 Nf6 5. Nf3 O-O 6. Bd3 d6 7. O-O Nbd7 8. Bg5
e5 9. dxe5 dxe5 10. Qe2 Qc7 11. Nd2 Nc5 1/2-1/2

[Event "III Weekend A"]
[Site "Ivrea ITA"]
[Date "1997.03.??"]
[Round "3"]
[White "Vozza, Nicola"]
[Black "Martin, Tiziano"]
[Result "1/2-1/2"]
[WhiteElo "1732"]
[BlackElo "1786"]
[PlyCount "84"]
[EventDate "1997.03.01"]

1. d4 Nf6 2. e3 d6 3. Bd3 Nbd7 4. f4 e5 5. Nd2 c6 6. Nh3 Be7 7. O-O Qc7 8. c4
Nf8 9. Nf2 Ne6 10. f5 exd4 11. fxe6 dxe3 12. exf7+ Kxf7 13. Nfe4 exd2 14. Bxd2
Ke8 15. Nxf6+ Bxf6 16. Qh5+ Kd8 17. c5 Be6 18. Rae1 Bxa2 19. Bf4 Qf7 20. Qd1
Bd5 21. Bxd6 Re8 22. Qa4 Rxe1 23. Rxe1 g6 24. Rf1 Qg7 25. Qa5+ b6 26. cxb6 Bd4+
27. Kh1 Bxb6 28. Qe1 Kd7 29. Be5 Qe7 30. Qg3 Re8 31. Bf4 Qe6 32. Ba6 Bd4 33.
Bb8 Be5 34. Bxe5 Qxe5 35. Qh3+ Kc7 36. Qxh7+ Re7 37. Qh3 Qxb2 38. Qc8+ Kd6 39.
Qd8+ Rd7 40. Qf8+ Kc7 41. Qc8+ Kd6 42. Qf8+ Kc7 1/2-1/2

[Event "III Weekend A"]
[Site "Ivrea ITA"]
[Date "1997.03.??"]
[Round "4"]
[White "Aglietti, Graziano"]
[Black "Ranieri, Fabrizio"]
[Result "0-1"]
[WhiteElo "1713"]
[BlackElo "2125"]
[PlyCount "64"]
[EventDate "1997.03.01"]

1. d4 e6 2. Nf3 Nf6 3. Bg5 Be7 4. Nbd2 d5 5. e3 O-O 6. c4 Nbd7 7. Rc1 c6 8. Bd3
Re8 9. O-O Nf8 10. Ne5 N6d7 11. Bxe7 Qxe7 12. Nxd7 Bxd7 13. e4 e5 14. dxe5 dxe4
15. Nxe4 Qxe5 16. Nd6 Re6 17. c5 Rh6 18. h3 Bxh3 19. Nxf7 Kxf7 20. Qf3+ Kg8 21.
gxh3 Ne6 22. Bc4 Rf8 23. Qe3 Qf5 24. Rfe1 Rff6 25. Rcd1 g5 26. Rd8+ Kg7 27.
Rd7+ Kh8 28. Rxb7 Rxh3 29. Rb8+ Kg7 30. Rb7+ Kh6 31. Qe2 Nf4 32. Qe7 Rh1+ 0-1

[Event "III Weekend A"]
[Site "Ivrea ITA"]
[Date "1997.03.??"]
[Round "4"]
[White "Alexiadis, Alessio"]
[Black "Dorighet, Claudio"]
[Result "0-1"]
[WhiteElo "1723"]
[BlackElo "2090"]
[PlyCount "70"]
[EventDate "1997.03.01"]

1. d4 f5 2. e4 fxe4 3. Nc3 Nf6 4. f3 d5 5. fxe4 dxe4 6. Bc4 Bg4 7. Nge2 Nbd7 8.
Bf4 Nb6 9. Bb3 Qd7 10. O-O O-O-O 11. a4 a6 12. a5 Nbd5 13. Qd2 Nxf4 14. Qxf4 e6
15. Nxe4 Bxe2 16. Nxf6 gxf6 17. Rfe1 e5 18. Qxf6 Bg7 19. Qf2 Bg4 20. dxe5 Qd4
21. Qxd4 Rxd4 22. e6 Re8 23. h3 Bf5 24. g4 Bg6 25. Kh2 Kd8 26. Rad1 Ke7 27.
Rxd4 Bxd4 28. c3 Bc5 29. Kg3 Rd8 30. Re2 Rd3+ 31. Kh4 Re3 32. Rd2 Bd6 33. Bd5
Bg3+ 34. Kg5 Re5+ 35. Kh6 Bf4+ 0-1

[Event "III Weekend A"]
[Site "Ivrea ITA"]
[Date "1997.03.??"]
[Round "4"]
[White "Caresana, Alessandro"]
[Black "Castaldo, Folco"]
[Result "0-1"]
[WhiteElo "1746"]
[BlackElo "1987"]
[PlyCount "38"]
[EventDate "1997.03.01"]

1. e4 g6 2. d4 Bg7 3. Nc3 c6 4. Bc4 d5 5. exd5 b5 6. Bb3 b4 7. dxc6 bxc3 8. Qf3
Nf6 9. c7 Qxc7 10. Qxa8 O-O 11. Qf3 Bb7 12. Qh3 Qa5 13. bxc3 Bxg2 14. Qxg2
Qxc3+ 15. Ke2 Qxa1 16. Be3 Qc3 17. Nf3 Nc6 18. Rd1 Na5 19. Rd3 Qc8 0-1

[Event "III Weekend A"]
[Site "Ivrea ITA"]
[Date "1997.03.??"]
[Round "4"]
[White "Mariano, Elia"]
[Black "Pulito, Alberto"]
[Result "1-0"]
[WhiteElo "1938"]
[BlackElo "1651"]
[PlyCount "57"]
[EventDate "1997.03.01"]

1. d4 Nf6 2. c4 g6 3. Nc3 Bg7 4. e4 d6 5. Bd3 O-O 6. Nge2 c6 7. O-O e5 8. d5
Nbd7 9. h3 Ne8 10. Be3 f5 11. exf5 gxf5 12. f4 Qe7 13. Qd2 Kh8 14. Rad1 exf4
15. Nxf4 Ne5 16. b3 Bd7 17. Bc2 Bc8 18. Nce2 c5 19. Nh5 Bd7 20. Nxg7 Nxg7 21.
Nf4 b5 22. Ne6 Bxe6 23. dxe6 Qxe6 24. Qxd6 Qxd6 25. Rxd6 bxc4 26. Bxc5 Rfc8 27.
Bd4 cxb3 28. Bxb3 Nc4 29. Rd7 1-0

[Event "III Weekend A"]
[Site "Ivrea ITA"]
[Date "1997.03.??"]
[Round "4"]
[White "Martin, Tiziano"]
[Black "Pepino, Enrico"]
[Result "1/2-1/2"]
[WhiteElo "1786"]
[BlackElo "1705"]
[PlyCount "91"]
[EventDate "1997.03.01"]

1. e4 c5 2. Nc3 d6 3. g3 g6 4. Bg2 Bg7 5. d3 Nc6 6. Be3 Nf6 7. Qc1 O-O 8. Bh6
Nd4 9. Bxg7 Kxg7 10. f4 Ng4 11. Nd1 f5 12. c3 Nc6 13. Ne2 e5 14. h3 Nf6 15. Ne3
Nh5 16. O-O fxe4 17. dxe4 exf4 18. gxf4 Qh4 19. f5 Ne5 20. Qd2 Ng3 21. Nxg3
Qxg3 22. Ng4 Nxg4 23. hxg4 Bd7 24. e5 Bc6 25. f6+ Kg8 26. e6 Bxg2 27. Qxg2 Qe3+
28. Kh1 Qxe6 29. Rae1 Qd7 30. Re7 Qc6 31. Rxb7 Qxg2+ 32. Kxg2 Rab8 33. Rg7+ Kh8
34. Rf2 Rxf6 35. Rxa7 Rxf2+ 36. Kxf2 Rxb2+ 37. Kf3 Rc2 38. Rd7 Rxc3+ 39. Kf4
Rc4+ 40. Kg5 Rd4 41. Kf6 Rf4+ 42. Kg5 Rf8 43. Kh6 Rc8 44. Rxh7+ Kg8 45. Rg7+
Kf8 46. Rxg6 1/2-1/2

[Event "III Weekend A"]
[Site "Ivrea ITA"]
[Date "1997.03.??"]
[Round "4"]
[White "Ricca, Roberto"]
[Black "Guglielmi, Nicolo'"]
[Result "1/2-1/2"]
[WhiteElo "2051"]
[BlackElo "1770"]
[PlyCount "51"]
[EventDate "1997.03.01"]

1. e4 c5 2. Nf3 e6 3. d4 cxd4 4. c3 Nf6 5. e5 Nd5 6. Bc4 Nb6 7. Bb3 Nc6 8. O-O
d6 9. exd6 Bxd6 10. cxd4 O-O 11. Nc3 Be7 12. Be3 Nb4 13. Ne5 N6d5 14. Ne4 Nf6
15. Nc5 b6 16. a3 bxc5 17. axb4 cxb4 18. Nc6 Qd6 19. d5 Nxd5 20. Bxd5 exd5 21.
Qxd5 Bb7 22. Nxe7+ Qxe7 23. Bc5 Qc7 24. Qd6 Qxd6 25. Bxd6 Rfe8 26. Bxb4 1/2-1/2

[Event "C.to Europeo U20 femminile"]
[Site "Tallinn EST"]
[Date "1997.09.10"]
[Round "1"]
[White "Barbiso, Tiziana"]
[Black "Werner, Isabel"]
[Result "0-1"]
[WhiteElo "1717"]
[BlackElo "2220"]
[PlyCount "74"]
[EventDate "1997.09.10"]

1. e4 c5 2. c3 Nf6 3. e5 Nd5 4. d4 cxd4 5. Qxd4 e6 6. Bc4 Nc6 7. Qe4 f5 8. Qe2
Nde7 9. Nf3 Ng6 10. O-O Qc7 11. Re1 Ncxe5 12. Nxe5 Nxe5 13. Qxe5 Qxc4 14. Qxf5
Be7 15. Qh5+ g6 16. Qe5 O-O 17. Nd2 Qc6 18. Nf3 d6 19. Qe2 e5 20. Bh6 Rf7 21.
Ng5 Rf5 22. h4 b6 23. Rad1 Bb7 24. f3 Qa4 25. b4 Rc8 26. Qd2 a5 27. Rc1 Rc4 28.
Ne4 Qc6 29. Bg5 Bf8 30. Rcd1 axb4 31. Nxd6 bxc3 32. Qd3 Rd4 33. Nxf5 Rxd3 34.
Rxd3 gxf5 35. Rxe5 c2 36. Bc1 Bc5+ 37. Kh1 Qf6 0-1